02889cam a22003134a 45000010009000000050017000090080041000260200026000670200023000930350024001160400052001400420027001920820020002192450137002392600049003763000029004254900049004545040066005035051598005696500057021676530022022247000027022467000026022737000032022998300068023319420012023999990017024119520147024281625241420100526095924.0100526s2010 enk b 001 0 eng  a9781841139128 (cloth) a1841139122 (cloth) a(OCoLC)ocn421815199 aUKMcUKMdBWKUKdBWKdYDXCPdBWXdCDXdSTFdDLC aukblcatcopyalccopycat00a341.52222bINT00aInternational Law and Dispute Settlement :bNew Problems and Techniques /cedited by Duncan French, Matthew Saul and Nigel D. White. aOxford ;aPortland, Or. :bHart Pub.,c2010. axxviii, 415 p. ;c24 cm.1 aStudies in international law ;vv. 28928754 aIncludes bibliographical references (p. [389]-393) and index.00aPrivate disputes and the public interest in international law / Vaughan Lowe -- The International Court of Justice and environmental disputes / Malgosia Fitzmaurice -- Complaint and grievance mechanisms in international dispute settlement / Duncan French and Richard Kirkham -- Stuck in the middle with you? Alternative approaches to realising accountability for human rights violations by business / Sorcha Macleod -- Practice and procedure of dispute settlement in individual communication cases within the Human Rights Committee and the Committee on the Elimination of Discrimination against Women : congruence or conflict? / Sandy Ghandhi -- Trends in dispute settlement in the law of the sea : towards the increasing availability of compulsory means / Robin Churchill -- The WTO dispute settlement mechanism as a new technique for settling disputes in international law / Surya P. Subedi -- Legal means of dispute settlement in the field of collective security : the quasi-judicial powers of the Security Council / Nigel D. White and Matthew Saul -- Non-compliance procedures and dispute resolution mechanisms under international environmental agreements / Karen N. Scott -- The Antarctic Treaty after 50 years / James Crawford -- Cross-border family mediation / Kisch Beevers -- Aspects of the African Court of Justice and human rights / Gino J. Naldi -- The EU, the ECHR and the effective protection of human rights for individuals / Tawhida Ahmed -- The European Court of Justice as a constitutional court : implications for the EU and international legal orders / Paul James Cardwell. 0aPacific settlement of international disputes.928755 bPolcFebruary20121 aFrench, Duncan.9287561 aSaul, Matthew.9287571 aWhite, N. D.,d1961-928758 0aStudies in international law (Oxford, England) ;vv. 28.928759 2ddccBB c16428d16428 00102ddc40708MERICaMAINbMAINc1STd2012-02-09epurchaseg690.00h13168l6m3o341.52 INTp000026039r2025-07-15 00:00:00s2024-04-15yBB